Top XIs: Romania (1974-2023) - Statistics

General Stats
  • This quiz has been taken 281 times
  • The average score is 177 of 500
Answer Stats
Hint Position Answer % Correct
1984 MF Gheorghe Hagi
96%
1985 MF Gheorghe Hagi
96%
1986 MF Gheorghe Hagi
96%
1987 MF Gheorghe Hagi
96%
1989 MF Gheorghe Hagi
96%
1990 MF Gheorghe Hagi
96%
1991 MF Gheorghe Hagi
96%
1992 MF Gheorghe Hagi
96%
1993 MF Gheorghe Hagi
96%
1994 MF Gheorghe Hagi
96%
1996 MF Gheorghe Hagi
96%
1997 MF Gheorghe Hagi
96%
1998 MF Gheorghe Hagi
96%
2000 MF Gheorghe Hagi
96%
2002 ST Adrian Mutu
80%
2003 ST Adrian Mutu
80%
2004 ST Adrian Mutu
80%
2005 ST Adrian Mutu
80%
2006 ST Adrian Mutu
80%
2007 ST Adrian Mutu
80%
2008 ST Adrian Mutu
80%
2011 ST Adrian Mutu
80%
1989 DF Gheorghe Popescu
67%
1990 DF Gheorghe Popescu
67%
1991 DF Gheorghe Popescu
67%
1994 DF Gheorghe Popescu
67%
1995 DF Gheorghe Popescu
67%
1996 DF Gheorghe Popescu
67%
1997 DF Gheorghe Popescu
67%
1998 DF Gheorghe Popescu
67%
1999 DF Gheorghe Popescu
67%
2000 DF Gheorghe Popescu
67%
2001 DF Gheorghe Popescu
67%
2002 DF Gheorghe Popescu
67%
1991 DF Adrian Popescu
66%
2016 MF Nicolae Stanciu
62%
2017 MF Nicolae Stanciu
62%
2018 MF Nicolae Stanciu
62%
2019 MF Nicolae Stanciu
62%
2020 MF Nicolae Stanciu
62%
2021 MF Nicolae Stanciu
62%
2000 DF Cristian Chivu
60%
2001 DF Cristian Chivu
60%
2002 DF Cristian Chivu
60%
2003 DF Cristian Chivu
60%
2005 DF Cristian Chivu
60%
2006 DF Cristian Chivu
60%
2007 DF Cristian Chivu
60%
2008 DF Cristian Chivu
60%
2009 DF Cristian Chivu
60%
2010 DF Cristian Chivu
60%
1989 DF Dan Petrescu
60%
1991 DF Dan Petrescu
60%
1992 DF Dan Petrescu
60%
1993 DF Dan Petrescu
60%
1994 DF Dan Petrescu
60%
1995 DF Dan Petrescu
60%
1996 DF Dan Petrescu
60%
1997 DF Dan Petrescu
60%
1998 DF Dan Petrescu
60%
1999 DF Dan Petrescu
60%
2000 DF Dan Petrescu
60%
2002 DF Răzvan Raţ
55%
2003 DF Răzvan Raţ
55%
2004 DF Răzvan Raţ
55%
2005 DF Răzvan Raţ
55%
2006 DF Răzvan Raţ
55%
2007 DF Răzvan Raţ
55%
2008 DF Răzvan Raţ
55%
2009 DF Răzvan Raţ
55%
2010 DF Răzvan Raţ
55%
2011 DF Răzvan Raţ
55%
2012 DF Răzvan Raţ
55%
2013 DF Răzvan Raţ
55%
2014 DF Răzvan Raţ
55%
2015 DF Răzvan Raţ
55%
2016 DF Răzvan Raţ
55%
1997 ST Adrian Ilie
54%
1998 ST Adrian Ilie
54%
1999 ST Adrian Ilie
54%
2000 ST Adrian Ilie
54%
2001 ST Adrian Ilie
54%
2012 DF Vlad Chiricheş
54%
2013 DF Vlad Chiricheş
54%
2014 DF Vlad Chiricheş
54%
2015 DF Vlad Chiricheş
54%
2016 DF Vlad Chiricheş
54%
2017 DF Vlad Chiricheş
54%
2021 DF Vlad Chiricheş
54%
2022 DF Vlad Chiricheş
54%
2023 DF Vlad Chiricheş
54%
2013 ST Bogdan Stancu
51%
2014 ST Bogdan Stancu
51%
2016 ST Bogdan Stancu
51%
2017 ST Bogdan Stancu
51%
2017 MF Răzvan Marin
50%
2018 MF Răzvan Marin
50%
2019 MF Răzvan Marin
50%
2020 MF Răzvan Marin
50%
2021 MF Răzvan Marin
50%
2022 MF Răzvan Marin
50%
2023 MF Răzvan Marin
50%
1992 MF Dorinel Munteanu
49%
1993 MF Dorinel Munteanu
49%
1994 MF Dorinel Munteanu
49%
1995 MF Dorinel Munteanu
49%
1996 MF Dorinel Munteanu
49%
1997 MF Dorinel Munteanu
49%
1998 MF Dorinel Munteanu
49%
1999 MF Dorinel Munteanu
49%
2000 MF Dorinel Munteanu
49%
2001 MF Dorinel Munteanu
49%
2002 MF Dorinel Munteanu
49%
2003 MF Dorinel Munteanu
49%
2005 MF Dorinel Munteanu
49%
2022 MF Marius Marin
49%
2023 MF Marius Marin
49%
1991 ST Florin Răducioiu
47%
1993 ST Florin Răducioiu
47%
1994 ST Florin Răducioiu
47%
1996 ST Florin Răducioiu
47%
2019 ST George Puşcaş
46%
2020 ST George Puşcaş
46%
2022 ST George Puşcaş
46%
2023 ST George Puşcaş
46%
1992 ST Ilie Dumitrescu
46%
1993 ST Ilie Dumitrescu
46%
1994 ST Ilie Dumitrescu
46%
1995 ST Ilie Dumitrescu
46%
1979 DF Ion Munteanu
46%
1980 DF Ion Munteanu
46%
1981 DF Ion Munteanu
46%
1997 ST Viorel Moldovan
46%
1998 ST Viorel Moldovan
46%
1999 ST Viorel Moldovan
46%
2000 ST Viorel Moldovan
46%
2001 MF Viorel Moldovan
46%
1987 ST Marius Lăcătuş
45%
1989 ST Marius Lăcătuş
45%
1990 ST Marius Lăcătuş
45%
1991 ST Marius Lăcătuş
45%
1992 ST Marius Lăcătuş
45%
1995 ST Marius Lăcătuş
45%
2020 ST Denis Alibec
42%
1987 DF Miodrag Belodedici
42%
1988 DF Miodrag Belodedici
42%
1992 DF Miodrag Belodedici
42%
1994 DF Miodrag Belodedici
42%
1996 DF Miodrag Belodedici
42%
2007 ST Ciprian Marica
41%
2009 ST Ciprian Marica
41%
2011 ST Ciprian Marica
41%
2012 ST Ciprian Marica
41%
2013 ST Ciprian Marica
41%
2000 MF Cosmin Contra
41%
2001 DF Cosmin Contra
41%
2002 DF Cosmin Contra
41%
2003 DF Cosmin Contra
41%
2005 DF Cosmin Contra
41%
2006 DF Cosmin Contra
41%
2008 DF Cosmin Contra
41%
2009 DF Cosmin Contra
41%
1988 DF Ioan Andone
40%
1990 DF Ioan Andone
40%
1974 MF Mircea Lucescu
40%
1975 MF Mircea Lucescu
40%
1976 MF Mircea Lucescu
40%
2005 DF Gabriel Tamaş
37%
2006 DF Gabriel Tamaş
37%
2007 DF Gabriel Tamaş
37%
2008 DF Gabriel Tamaş
37%
2010 DF Gabriel Tamaş
37%
2011 DF Gabriel Tamaş
37%
2001 ST Marius Niculae
37%
2017 DF Cristian Ganea
36%
2006 ST Daniel Niculae
36%
2008 ST Daniel Niculae
36%
2010 ST Daniel Niculae
36%
2002 ST Ioan Ganea
36%
2003 ST Ioan Ganea
36%
2015 MF Adrian Popa
35%
2016 MF Adrian Popa
35%
2020 DF Andrei Burcă
35%
2022 DF Andrei Burcă
35%
2023 DF Andrei Burcă
35%
2021 MF Ianis Hagi
35%
2023 MF Ianis Hagi
35%
1990 MF Ioan Lupescu
35%
1991 MF Ioan Lupescu
35%
1992 MF Ioan Lupescu
35%
1994 MF Ioan Lupescu
35%
1995 MF Ioan Lupescu
35%
1996 MF Ioan Lupescu
35%
1999 MF Ioan Lupescu
35%
2001 MF Mirel Rădoi
35%
2002 MF Mirel Rădoi
35%
2003 MF Mirel Rădoi
35%
2008 MF Mirel Rădoi
35%
2009 MF Mirel Rădoi
35%
2010 MF Mirel Rădoi
35%
2021 DF Andrei Rațiu
34%
2022 DF Andrei Rațiu
34%
2023 DF Andrei Rațiu
34%
2018 DF Cristian Manea
34%
2022 DF Cristian Manea
34%
2023 DF Cristian Manea
34%
2012 MF Mihai Pintilii
34%
2013 MF Mihai Pintilii
34%
2014 MF Mihai Pintilii
34%
2015 MF Mihai Pintilii
34%
2016 MF Mihai Pintilii
34%
2017 MF Mihai Pintilii
34%
2007 DF Dorin Goian
33%
2011 DF Dorin Goian
33%
2012 DF Dorin Goian
33%
2013 DF Dorin Goian
33%
1990 ST Gavril Balint
33%
1992 ST Gavril Balint
33%
2022 ST Valentin Mihăilă
33%
2021 MF Alex. Cicâldău
32%
2022 MF Alex. Cicâldău
32%
2023 MF Alex. Cicâldău
32%
1996 MF Constantin Gâlcă
32%
1997 MF Constantin Gâlcă
32%
1998 MF Constantin Gâlcă
32%
1999 MF Constantin Gâlcă
32%
2000 MF Constantin Gâlcă
32%
2016 DF Cristian Săpunaru
32%
2018 DF Cristian Săpunaru
32%
2019 DF Cristian Săpunaru
32%
1993 DF Daniel Prodan
32%
1994 DF Daniel Prodan
32%
1995 DF Daniel Prodan
32%
1996 DF Daniel Prodan
32%
1997 DF Daniel Prodan
32%
1974 ST Dudu Georgescu
32%
1975 ST Dudu Georgescu
32%
1976 ST Dudu Georgescu
32%
1977 ST Dudu Georgescu
32%
1978 ST Dudu Georgescu
32%
1979 ST Dudu Georgescu
32%
1998 DF Iulian Filipescu
32%
1999 DF Iulian Filipescu
32%
2000 DF Iulian Filipescu
32%
2001 DF Iulian Filipescu
32%
2018 DF Nicușor Bancu
32%
2019 MF Nicușor Bancu
32%
2020 MF Nicușor Bancu
32%
2022 MF Nicușor Bancu
32%
2023 MF Nicușor Bancu
32%
1982 DF Mircea Rednic
31%
1983 DF Mircea Rednic
31%
1984 DF Mircea Rednic
31%
1985 DF Mircea Rednic
31%
1986 DF Mircea Rednic
31%
1988 DF Mircea Rednic
31%
1989 DF Mircea Rednic
31%
1990 DF Mircea Rednic
31%
1988 MF Ovidiu Sabău
31%
1989 MF Ovidiu Sabău
31%
1990 MF Ovidiu Sabău
31%
2014 MF Alexandru Maxim
30%
2015 MF Alexandru Maxim
30%
2020 MF Alexandru Maxim
30%
1974 ST Anghel Iordănescu
30%
1975 ST Anghel Iordănescu
30%
1976 ST Anghel Iordănescu
30%
1977 ST Anghel Iordănescu
30%
1978 ST Anghel Iordănescu
30%
1980 ST Anghel Iordănescu
30%
1981 ST Anghel Iordănescu
30%
2004 MF Nicolae Dică
30%
2006 MF Nicolae Dică
30%
2007 MF Nicolae Dică
30%
2011 MF Alex. Bourceanu
29%
2012 MF Alex. Bourceanu
29%
2013 MF Alex. Bourceanu
29%
2006 MF Bănel Nicoliţă
29%
2007 MF Bănel Nicoliţă
29%
2008 MF Bănel Nicoliţă
29%
2016 MF Florin Andone
29%
2017 ST Florin Andone
29%
1976 MF Ilie Balaci
29%
1980 MF Ilie Balaci
29%
1981 MF Ilie Balaci
29%
1982 MF Ilie Balaci
29%
1983 MF Ilie Balaci
29%
1976 MF László Bölöni
29%
1977 MF László Bölöni
29%
1978 MF László Bölöni
29%
1979 MF László Bölöni
29%
1980 MF László Bölöni
29%
1982 MF László Bölöni
29%
1983 MF László Bölöni
29%
1984 MF László Bölöni
29%
1985 MF László Bölöni
29%
1986 MF László Bölöni
29%
1987 MF László Bölöni
29%
1988 MF László Bölöni
29%
2014 MF Ovidiu Hoban
29%
2015 MF Ovidiu Hoban
29%
2016 MF Ovidiu Hoban
29%
2005 MF Răzvan Cociş
29%
2006 MF Răzvan Cociş
29%
2008 MF Răzvan Cociş
29%
2010 MF Răzvan Cociş
29%
2019 DF Adrian Rus
28%
2011 MF Gabriel Torje
28%
2012 MF Gabriel Torje
28%
2013 MF Gabriel Torje
28%
2015 MF Gabriel Torje
28%
2001 MF Paul Codrea
28%
2002 MF Paul Codrea
28%
2007 MF Paul Codrea
28%
2008 MF Paul Codrea
28%
2009 MF Paul Codrea
28%
2021 ST Andrei Ivan
27%
2011 MF Cristian Tănase
27%
2012 MF Cristian Tănase
27%
2013 MF Cristian Tănase
27%
2014 MF Cristian Tănase
27%
1980 ST Rodion Cămătaru
27%
1981 ST Rodion Cămătaru
27%
1983 ST Rodion Cămătaru
27%
1984 ST Rodion Cămătaru
27%
1985 ST Rodion Cămătaru
27%
1986 ST Rodion Cămătaru
27%
1988 ST Rodion Cămătaru
27%
1989 ST Rodion Cămătaru
27%
1993 DF Tibor Selymes
27%
1995 DF Tibor Selymes
27%
1996 DF Tibor Selymes
27%
1997 DF Tibor Selymes
27%
1987 MF Tudorel Stoica
27%
2021 ST Dennis Man
26%
2014 DF Dragoş Grigore
26%
2015 DF Dragoş Grigore
26%
2016 DF Dragoş Grigore
26%
1986 DF Adrian Bumbescu
25%
1987 DF Adrian Bumbescu
25%
1974 DF Cornel Dinu
25%
1975 DF Cornel Dinu
25%
1976 DF Cornel Dinu
25%
1979 DF Cornel Dinu
25%
1986 ST Victor Piţurcă
25%
1987 ST Victor Piţurcă
25%
2003 DF Adrian Iencsi
24%
2004 DF Adrian Iencsi
24%
2014 MF Alexandru Chipciu
24%
2017 MF Alexandru Chipciu
24%
2018 MF Alexandru Chipciu
24%
2019 MF Alexandru Chipciu
24%
2003 ST Daniel Pancu
24%
2004 ST Daniel Pancu
24%
2005 ST Daniel Pancu
24%
1999 MF Florentin Petre
24%
2004 MF Florentin Petre
24%
2005 MF Florentin Petre
24%
2006 MF Florentin Petre
24%
2007 MF Florentin Petre
24%
1979 MF Marcel Răducanu
24%
1980 MF Marcel Răducanu
24%
1981 MF Marcel Răducanu
24%
1974 MF Ion Dumitru
23%
1975 MF Ion Dumitru
23%
1977 MF Ion Dumitru
23%
2019 DF Ionuţ Nedelcearu
22%
2021 DF Ionuţ Nedelcearu
22%
1982 DF Michael Klein
22%
1983 DF Michael Klein
22%
1984 DF Michael Klein
22%
1985 DF Michael Klein
22%
1986 DF Michael Klein
22%
1987 DF Michael Klein
22%
1988 DF Michael Klein
22%
1990 DF Michael Klein
22%
2009 DF Vasile Maftei
22%
2010 DF Vasile Maftei
22%
2013 DF Alexandru Mățel
21%
1980 MF Aurel Ţicleanu
21%
1982 MF Aurel Ţicleanu
21%
1984 MF Aurel Ţicleanu
21%
2015 ST Claudiu Keșerü
21%
2018 ST Claudiu Keșerü
21%
2019 ST Claudiu Keșerü
21%
1978 DF Costică Ştefănescu
21%
1980 DF Costică Ştefănescu
21%
1981 DF Costică Ştefănescu
21%
1982 DF Costică Ştefănescu
21%
1983 DF Costică Ştefănescu
21%
1984 DF Costică Ştefănescu
21%
1985 DF Costică Ştefănescu
21%
2010 MF Gheorghe Florescu
21%
1992 DF Gheorghe Mihali
21%
1994 DF Gheorghe Mihali
21%
1995 ST Ion Vladoiu
21%
1984 ST Marcel Coraş
21%
1985 ST Marcel Coraş
21%
1988 ST Marcel Coraş
21%
1979 DF Nicolae Tilihoi
21%
1995 MF Basarab Panduru
20%
2014 MF Florin Gardoș
20%
2004 MF Florin Cernat
19%
2010 MF Ciprian Deac
18%
2020 DF Ciprian Deac
18%
1989 DF Ştefan Iovan
18%
2002 MF Tiberiu Ghioane
18%
2009 MF Tiberiu Ghioane
18%
1982 DF Gino Iorgulescu
17%
1983 DF Gino Iorgulescu
17%
1984 DF Gino Iorgulescu
17%
1985 DF Gino Iorgulescu
17%
1988 MF Iosif Rotariu
17%
1989 MF Iosif Rotariu
17%
1990 MF Iosif Rotariu
17%
1985 MF Dorin Mateuţ
16%
1986 MF Dorin Mateuţ
16%
1987 MF Dorin Mateuţ
16%
1988 MF Dorin Mateuţ
16%
1989 MF Dorin Mateuţ
16%
1991 MF Dorin Mateuţ
16%
1982 DF Ioan Bogdan
16%
2011 DF Paul Papp
16%
2012 DF Paul Papp
16%
2015 DF Paul Papp
16%
1975 DF Alex. Sătmăreanu
15%
1976 DF Alex. Sătmăreanu
15%
1977 DF Alex. Sătmăreanu
15%
1978 DF Alex. Sătmăreanu
15%
2017 DF Alin Toșca
15%
2018 DF Alin Toșca
15%
2020 DF Alin Toșca
15%
2021 DF Alin Toșca
15%
2009 ST Bogdan Mara
15%
1991 DF Emil Săndoi
15%
1992 DF Emil Săndoi
15%
1993 DF Emil Săndoi
15%
1998 MF Gabriel Popescu
15%
2009 MF Iulian Apostol
15%
1998 DF Liviu Ciobotariu
15%
1999 DF Liviu Ciobotariu
15%
2005 MF Nicolae Mitea
15%
1983 DF Nicolae Ungureanu
15%
1984 DF Nicolae Ungureanu
15%
1985 DF Nicolae Ungureanu
15%
1986 DF Nicolae Ungureanu
15%
1987 DF Nicolae Ungureanu
15%
1993 MF Ovidiu Stîngă
15%
1977 MF Zoltán Crişan
15%
1978 MF Zoltán Crişan
15%
1979 MF Zoltán Crişan
15%
1981 MF Zoltán Crişan
15%
1997 DF Anton Doboş
14%
2012 ST Gheorghe Grozav
14%
2018 MF Paul Anton
14%
1974 DF Ştefan Sameş
14%
1977 DF Ştefan Sameş
14%
1978 DF Ştefan Sameş
14%
1979 DF Ştefan Sameş
14%
1980 DF Ştefan Sameş
14%
1981 DF Ştefan Sameş
14%
1981 MF Aurel Beldeanu
13%
2004 MF Cosmin Bărcăuan
13%
2003 DF Flavius Stoican
13%
2004 DF Flavius Stoican
13%
1976 MF Gheorghe Mulțescu
13%
1979 ST Ionel Augustin
13%
1982 ST Ionel Augustin
13%
2010 ST Marius Bilaşco
13%
1980 DF Nicolae Negrilă
13%
1981 DF Nicolae Negrilă
13%
2017 DF Romario Benzar
13%
2019 DF Romario Benzar
13%
1974 ST Attila Kun
12%
1975 ST Attila Kun
12%
2004 DF Florin Şoavă
12%
2018 ST George Țucudean
12%
1991 MF Ion Timofte
12%
1993 MF Ion Timofte
12%
1982 ST Romulus Gabor
12%
1983 ST Romulus Gabor
12%
2020 DF Alexandru Crețu
11%
1978 MF Aurel Rădulescu
11%
1974 DF Gabriel Sandu
11%
1975 DF Gabriel Sandu
11%
1976 DF Gabriel Sandu
11%
1986 MF Lică Movilă
11%
2011 MF Gabriel Mureşan
10%
1983 MF Ion Geolgău
10%
1977 MF Iosif Vigu
10%
1978 MF Iosif Vigu
10%
1974 DF Teodor Anghelini
10%
1975 DF Teodor Anghelini
10%
1974 DF Florin Cheran
9%
1975 DF Florin Cheran
9%
1976 DF Florin Cheran
9%
1977 DF Florin Cheran
9%
1977 MF Constantin Zamfir
7%
1979 MF Mihai Romilă
7%
1978 DF Mihai Zamfir
7%
No matching quizzes found
Score Distribution
Percent of People with Each Score
Percentile by Number Answered
Your Score History
You have not taken this quiz